[Event "XXX Open Anniversario"]
[Site "Provaglio d'Iseo ITA"]
[Date "2013.12.06"]
[Round "5"]
[White "Massetti, Euro"]
[Black "Barucco, Mattia"]
[Result "1-0"]
[WhiteElo "1925"]
[BlackElo "1987"]
[PlyCount "65"]
[EventDate "2013.11.08"]

1. e4 e6 2. Nf3 d5 3. exd5 exd5 4. d4 Bd6 5. Be3 Nf6 6. c4 dxc4 7. Bxc4 O-O 8.
O-O Nc6 9. h3 Bf5 10. Nc3 h6 11. Qd2 Bb4 12. a3 Ne4 13. Qc1 Bxc3 14. bxc3 Qf6
15. Bf4 Nd6 16. Ba2 Be4 17. Ne5 Rad8 18. Nxc6 bxc6 19. Be5 Qg6 20. f3 Bf5 21.
g4 Rb8 22. Qf4 Bd3 23. Rfd1 Rb2 24. Rd2 Rfb8 25. Bxd6 Rxd2 26. Qxd2 cxd6 27.
Re1 Bb1 28. Bc4 d5 29. Bf1 Qd6 30. Qe3 Qxa3 31. Qe5 Qb3 32. Qc7 Qb7 33. Re8+
1-0

[Event "XXX Open Anniversario"]
[Site "Provaglio d'Iseo ITA"]
[Date "2013.12.06"]
[Round "5"]
[White "Dieli, Alberto"]
[Black "Vagliati, Massimo"]
[Result "1-0"]
[WhiteElo "1958"]
[BlackElo "1701"]
[PlyCount "45"]
[EventDate "2013.11.08"]

1. e4 c5 2. Nf3 Nc6 3. d4 cxd4 4. Nxd4 e6 5. Nc3 a6 6. Be2 Qc7 7. O-O Nf6 8.
Be3 Be7 9. f3 b5 10. Qd2 Bb7 11. Rad1 O-O 12. g4 Rad8 13. g5 Ne8 14. Ncxb5 axb5
15. Nxb5 Qb8 16. Bb6 d6 17. Bxd8 Qxd8 18. h4 Qb6+ 19. Kg2 Ne5 20. Qd4 Qa5 21.
b4 Qa4 22. Nc3 Qd7 23. Qxe5 1-0

[Event "XXX Open Anniversario"]
[Site "Provaglio d'Iseo ITA"]
[Date "2013.12.06"]
[Round "5"]
[White "Brugaletta, Giorgio"]
[Black "Cattaneo, Ugo"]
[Result "1-0"]
[WhiteElo "1734"]
[BlackElo "1837"]
[PlyCount "71"]
[EventDate "2013.11.08"]

1. Nf3 Nf6 2. g3 g6 3. Bg2 Bg7 4. O-O O-O 5. d4 d5 6. c3 c6 7. Nbd2 Bf5 8. Re1
Re8 9. Nh4 Bg4 10. h3 Bc8 11. e4 dxe4 12. Nxe4 Nxe4 13. Rxe4 e5 14. Qe1 f5 15.
Re2 e4 16. Bh1 g5 17. Ng2 Na6 18. f4 gxf4 19. Nxf4 c5 20. d5 b5 21. Be3 c4 22.
Rc1 Be5 23. Qd2 Bd6 24. Rg2 Bc5 25. Kh2 Bxe3 26. Qxe3 Qd6 27. Qd4 Nc5 28. Nh5
Re7 29. Re2 Nd3 30. Rf1 Qb6 31. Nf6+ Kh8 32. d6 Qxd4 33. dxe7 Qxf6 34. e8=Q+
Kg7 35. Bxe4 Bb7 36. Qd7+ 1-0

[Event "XXX Open Anniversario"]
[Site "Provaglio d'Iseo ITA"]
[Date "2013.12.06"]
[Round "5"]
[White "Conti, Ferdinando"]
[Black "Bresciani, Luca"]
[Result "1-0"]
[WhiteElo "1718"]
[BlackElo "1440"]
[PlyCount "43"]
[EventDate "2013.11.08"]

1. Nf3 Nf6 2. b4 g6 3. Bb2 Bg7 4. e3 d6 5. c4 O-O 6. Be2 Nbd7 7. Nc3 Ne4 8. Qc2
Nxc3 9. Bxc3 Ne5 10. Nxe5 dxe5 11. O-O c6 12. a4 Qc7 13. Bb2 a6 14. f4 Be6 15.
Bxe5 Qd7 16. h3 b5 17. axb5 cxb5 18. c5 Qc6 19. d4 Bd5 20. Bd3 Bxg2 21. Qxg2
Qxg2+ 22. Kxg2 1-0

[Event "XXX Open Anniversario"]
[Site "Provaglio d'Iseo ITA"]
[Date "2013.12.13"]
[Round "6"]
[White "Caceffo, Daniele"]
[Black "Cristiani, Cesare"]
[Result "0-1"]
[WhiteElo "1518"]
[BlackElo "2117"]
[PlyCount "66"]
[EventDate "2013.11.08"]

1. e4 e6 2. d4 d5 3. Nc3 Bb4 4. a3 Bxc3+ 5. bxc3 dxe4 6. Qg4 Nf6 7. Qxg7 Rg8 8.
Qh6 Rg6 9. Qe3 Nc6 10. Ne2 Ne7 11. Nf4 Ned5 12. Nxd5 exd5 13. g3 Bg4 14. Bg2
Qd7 15. h3 Be6 16. Qe2 O-O-O 17. Bf4 h5 18. Kd2 h4 19. Rab1 Qc6 20. g4 Nd7 21.
Qb5 Qxb5 22. Rxb5 a6 23. Rb4 Nb6 24. Rhb1 Bd7 25. Ra1 a5 26. Rbb1 Rf6 27. Be3
Nc4+ 28. Ke2 Rg6 29. Rf1 f5 30. f3 exf3+ 31. Bxf3 Re6 32. Bxd5 Rxe3+ 33. Kf2
Rxc3 0-1

[Event "XXX Open Anniversario"]
[Site "Provaglio d'Iseo ITA"]
[Date "2013.12.13"]
[Round "6"]
[White "Dieli, Alberto"]
[Black "Massetti, Euro"]
[Result "0-1"]
[WhiteElo "1958"]
[BlackElo "1925"]
[PlyCount "92"]
[EventDate "2013.11.08"]

1. e4 d6 2. d4 Nf6 3. Nc3 Bd7 4. Nf3 Bg4 5. Bg5 Nbd7 6. Be2 h6 7. Bh4 Bxf3 8.
gxf3 g5 9. Bg3 Nh5 10. Qd2 e5 11. O-O-O Bg7 12. d5 a6 13. Kb1 Nf4 14. Bxf4 exf4
15. Rdg1 Qf6 16. Nd1 Nc5 17. Rg2 a5 18. Rhg1 Qd4 19. Bd3 Be5 20. Bb5+ Ke7 21.
Qxd4 Bxd4 22. b3 a4 23. b4 Nd7 24. a3 Ne5 25. Be2 c6 26. c3 Bb6 27. Nb2 g4 28.
Nc4 gxf3 29. Nxb6 fxg2 30. Nxa8 f3 31. Bxf3 Nxf3 32. Rxg2 Rxa8 33. Rg3 Nxh2 34.
Kc2 cxd5 35. exd5 h5 36. Rh3 Ng4 37. Rxh5 Nxf2 38. Rf5 Ng4 39. Kd3 Ne5+ 40. Kd4
Rc8 41. Rf1 Rc4+ 42. Ke3 Rxc3+ 43. Kd4 Rxa3 44. Rc1 Kd7 45. b5 f5 46. Rc7+ Kd8
0-1

[Event "XXX Open Anniversario"]
[Site "Provaglio d'Iseo ITA"]
[Date "2013.12.13"]
[Round "6"]
[White "Barucco, Mattia"]
[Black "Conti, Ferdinando"]
[Result "1-0"]
[WhiteElo "1987"]
[BlackElo "1718"]
[PlyCount "111"]
[EventDate "2013.11.08"]

1. e4 c5 2. Nc3 g6 3. f4 Bg7 4. Nf3 d6 5. Bb5+ Bd7 6. a4 a6 7. Bxd7+ Qxd7 8.
O-O Nc6 9. Nd5 Rd8 10. d3 e6 11. Nb6 Qc7 12. Nc4 b5 13. Ne3 Nge7 14. f5 exf5
15. exf5 O-O 16. Kh1 Qd7 17. Ng5 Nxf5 18. Nxf5 gxf5 19. Qh5 h6 20. Nh3 Kh7 21.
Bd2 Nd4 22. Rf4 f6 23. Raf1 Qf7 24. Qd1 bxa4 25. c3 Nb3 26. Rxa4 Nxd2 27. Qxd2
d5 28. Rxa6 Rg8 29. Qf2 Qb7 30. Qxf5+ Kh8 31. Nf4 Rgf8 32. Ng6+ Kg8 33. Qe6+
Rf7 34. Rb6 Qd7 35. Qxd7 Rdxd7 36. Ra1 Kh7 37. Nf4 f5 38. Kg1 Ra7 39. Rxa7 Rxa7
40. Nxd5 Rd7 41. c4 Bd4+ 42. Kf1 Ra7 43. Nf6+ Kg7 44. Ne8+ Kf8 45. Nd6 f4 46.
Nf5 Ra1+ 47. Ke2 Be5 48. Kf3 h5 49. Nh4 Re1 50. Ng6+ Kf7 51. Nxe5+ Rxe5 52.
Kxf4 Re2 53. Rh6 Rxb2 54. Rxh5 Rxg2 55. Ke5 Rd2 56. Rh3 1-0

[Event "XXX Open Anniversario"]
[Site "Provaglio d'Iseo ITA"]
[Date "2013.12.13"]
[Round "6"]
[White "Bresciani, Luca"]
[Black "Brugaletta, Giorgio"]
[Result "0-1"]
[WhiteElo "1440"]
[BlackElo "1734"]
[PlyCount "50"]
[EventDate "2013.11.08"]

1. e4 c5 2. Nf3 Nc6 3. d4 cxd4 4. Nxd4 e5 5. Nxc6 dxc6 6. Qxd8+ Kxd8 7. Bc4 f6
8. O-O Kc7 9. f4 Bd6 10. Be3 Ne7 11. c3 Bd7 12. b4 b5 13. Be2 a5 14. a3 axb4
15. cxb4 Rhd8 16. Nc3 Kb7 17. Rfd1 Bc7 18. a4 exf4 19. Bc5 Ng6 20. Bh5 Ne5 21.
Be7 Rdc8 22. h3 Bb6+ 23. Kh2 c5 24. Bg4 Bxg4 25. hxg4 Nxg4+ 0-1

[Event "XXX Open Anniversario"]
[Site "Provaglio d'Iseo ITA"]
[Date "2013.12.13"]
[Round "6"]
[White "Vagliati, Massimo"]
[Black "Cattaneo, Ugo"]
[Result "1-0"]
[WhiteElo "1701"]
[BlackElo "1837"]
[PlyCount "69"]
[EventDate "2013.11.08"]

1. d4 d5 2. c4 e6 3. Nc3 Nf6 4. e3 Nbd7 5. Nf3 Be7 6. Bd3 dxc4 7. Bxc4 O-O 8.
O-O c5 9. dxc5 Nxc5 10. Qe2 Nce4 11. Nxe4 Nxe4 12. Rd1 Qa5 13. Nd2 Nf6 14. Nb3
Qe5 15. Nd4 Ne4 16. Bd3 Nf6 17. b3 Nd5 18. Bb2 Qg5 19. Nf3 Qh6 20. a3 Bf6 21.
Rac1 Bd7 22. Ne5 Bxe5 23. Bxe5 f6 24. Bg3 Rfc8 25. Bc4 Bc6 26. e4 Nc7 27. Rc2
Kf7 28. Rcd2 Ke7 29. a4 e5 30. f3 Rd8 31. Bf2 Rxd2 32. Rxd2 Ne6 33. Bxe6 Kxe6
34. Qc4+ Ke7 35. Bc5+ 1-0

[Event "XXX Open Anniversario"]
[Site "Provaglio d'Iseo ITA"]
[Date "2013.12.20"]
[Round "7"]
[White "Schaberg, Wolfgang"]
[Black "Cristiani, Cesare"]
[Result "1-0"]
[WhiteElo "1866"]
[BlackElo "2117"]
[PlyCount "79"]
[EventDate "2013.11.08"]

1. e4 e6 2. d4 d5 3. Nd2 c5 4. exd5 Qxd5 5. Ngf3 cxd4 6. Bc4 Qd6 7. O-O Nf6 8.
Nb3 Nc6 9. Nbxd4 Nxd4 10. Qxd4 a6 11. Bf4 Qxd4 12. Nxd4 Be7 13. Be2 Nd5 14. Bg3
O-O 15. c4 Nf6 16. Bf3 Bc5 17. Rad1 Re8 18. Rfe1 Ba7 19. Nc6 Bc5 20. Ne5 Ba7
21. Rd3 Bb8 22. Red1 Bc7 23. b4 h5 24. a4 g5 25. h3 Kg7 26. Kh1 Rh8 27. Kg1 Rb8
28. b5 axb5 29. axb5 Ra8 30. c5 Ra5 31. Rb3 Ra4 32. b6 Bb8 33. c6 g4 34. hxg4
hxg4 35. cxb7 gxf3 36. bxc8=Q Rxc8 37. b7 Rc2 38. Nxf3 Raa2 39. Bxb8 Rxf2 40.
Ne1 1-0

[Event "XXX Open Anniversario"]
[Site "Provaglio d'Iseo ITA"]
[Date "2013.12.20"]
[Round "7"]
[White "Massetti, Euro"]
[Black "Caceffo, Daniele"]
[Result "1-0"]
[WhiteElo "1925"]
[BlackElo "1518"]
[PlyCount "85"]
[EventDate "2013.11.08"]

1. e4 e5 2. Nf3 Nc6 3. Bc4 Bc5 4. c3 Nf6 5. d3 d6 6. O-O Be6 7. Bxe6 fxe6 8.
Qb3 Qd7 9. a4 O-O 10. Qa2 a5 11. Be3 Bxe3 12. fxe3 h6 13. Nbd2 Ne7 14. d4 exd4
15. e5 dxe5 16. Nxe5 Qd5 17. Qxd5 Nexd5 18. exd4 Ne3 19. Rf3 Ned5 20. Re1 Nh5
21. Nd7 Rxf3 22. Nxf3 Nhf4 23. Nc5 Nb6 24. g3 Nfd5 25. Rxe6 Rf8 26. Nd2 Rf7 27.
Nxb7 Nxa4 28. Nxa5 Nxb2 29. c4 Nc3 30. Nc6 Ncd1 31. Re2 Rf6 32. d5 Nc3 33. Re8+
Kh7 34. Re7 Nbd1 35. Nd4 c5 36. N4f3 Nb2 37. Kg2 Kg8 38. Ne4 Nxe4 39. Rxe4 Kf7
40. Ne5+ Kg8 41. Nd7 Rf7 42. Nxc5 Rc7 43. d6 1-0

[Event "XXX Open Anniversario"]
[Site "Provaglio d'Iseo ITA"]
[Date "2013.12.20"]
[Round "7"]
[White "Brugaletta, Giorgio"]
[Black "Ghidinelli, Giorgio"]
[Result "1-0"]
[WhiteElo "1734"]
[BlackElo "1891"]
[PlyCount "83"]
[EventDate "2013.11.08"]

1. c4 e5 2. Nc3 Nf6 3. e4 Bc5 4. Nf3 Nc6 5. a3 d6 6. h3 a6 7. d3 h6 8. Be2 Be6
9. O-O O-O 10. Kh1 Ne7 11. Nh2 Nh7 12. f4 f5 13. fxe5 dxe5 14. Nf3 Qd6 15. Qe1
f4 16. Qh4 Ng6 17. Qh5 Bf7 18. b4 Bd4 19. Nxd4 Qxd4 20. Bb2 Nf6 21. Qf3 c6 22.
Na4 Qa7 23. Qf2 Nd7 24. d4 b5 25. cxb5 axb5 26. Nc5 Nxc5 27. dxc5 Bb3 28. Bh5
Qf7 29. Bxe5 Qe6 30. Bxg6 Qxg6 31. Bxf4 Qxe4 32. Qg3 Bc4 33. Bxh6 Rxf1+ 34.
Rxf1 Qh7 35. Rf6 Bf7 36. Rxc6 Qb1+ 37. Kh2 Qb2 38. Rb6 Kh7 39. Bf4 Qe2 40. Be5
Rg8 41. Rb7 Qh5 42. Rxb5 1-0

[Event "XXX Open Anniversario"]
[Site "Provaglio d'Iseo ITA"]
[Date "2013.12.20"]
[Round "7"]
[White "Bresciani, Luca"]
[Black "Dieli, Alberto"]
[Result "0-1"]
[WhiteElo "1440"]
[BlackElo "1958"]
[PlyCount "90"]
[EventDate "2013.11.08"]

1. e4 e5 2. Nf3 Nc6 3. Bb5 f5 4. d3 Nf6 5. Nc3 d6 6. h3 Be7 7. Bg5 O-O 8. Bxc6
bxc6 9. Qe2 fxe4 10. dxe4 h6 11. Bh4 Qe8 12. Qc4+ Kh7 13. O-O-O a5 14. Qd3 Nh5
15. Bxe7 Nf4 16. Qf1 Qxe7 17. Rg1 a4 18. a3 Ba6 19. Qe1 Rfb8 20. g3 Nxh3 21.
Rh1 Bc8 22. Qe3 Bg4 23. Rd2 Rf8 24. Ng1 Nxg1 25. Rxg1 Rf3 26. Qe1 Qf7 27. Rg2
Qc4 28. Rd3 Rxd3 29. cxd3 Qxd3 30. f4 Qf3 31. Qd2 Qf1+ 32. Kc2 Be6 33. Qe2 Bb3+
34. Kd2 Qa1 35. Ke3 Qh1 36. Rh2 Qg1+ 37. Qf2 Qc1+ 38. Qd2 Qf1 39. Qf2 Qc4 40.
f5 d5 41. exd5 cxd5 42. Kd2 d4 43. Rh4 dxc3+ 44. bxc3 Rd8+ 45. Ke1 Rd1# 0-1

[Event "XXX Open Anniversario"]
[Site "Provaglio d'Iseo ITA"]
[Date "2013.12.20"]
[Round "7"]
[White "Conti, Ferdinando"]
[Black "Vagliati, Massimo"]
[Result "0-1"]
[WhiteElo "1718"]
[BlackElo "1701"]
[PlyCount "74"]
[EventDate "2013.11.08"]

1. Nf3 c5 2. b4 cxb4 3. a3 e6 4. axb4 Bxb4 5. Bb2 Nf6 6. e3 O-O 7. Be2 d5 8.
O-O Nc6 9. c4 h6 10. Nc3 a6 11. d4 dxc4 12. Bxc4 Bd7 13. Na2 Be7 14. Bd3 b5 15.
e4 Qb6 16. Qb3 Na5 17. Qc2 Rfc8 18. Qe2 Nc4 19. Bxc4 Rxc4 20. Ne5 Rc7 21. Nxd7
Nxd7 22. Qf3 Rac8 23. Rab1 b4 24. Qb3 a5 25. Rfd1 Qb7 26. d5 Nc5 27. Qg3 f6 28.
f3 exd5 29. exd5 Qb6 30. Kh1 Rd7 31. Rbc1 Rcd8 32. Re1 Qd6 33. Qxd6 Bxd6 34.
Red1 Be7 35. g3 Rxd5 36. Rf1 Rd2 37. Rb1 Nd3 0-1